000 00977nam0a2200253 4500
001 RU\NLR\BIBL_A\012095010
005 20250623205546.0
010 _912000
035 _a(NLR Aleph) 012095010
090 _a13296797
_c13296797
100 _a20190917d1931 |||y0rusy50 ca
101 0 _achv
102 _aRU
105 _ay z 000 y
200 1 _aÇитěннисене вěрентмелли меттотěк
_e"Çěнě йал" пуквар тăрăх çитěннисене вěрентнěчух кашни урока мěнле вěрентсе ирттермеллине кăтартса пани
_fС. И. Кольцова
210 _aМускав
_cСССР-ти халӑхсен тӗп ист-ви
_d1931
215 _a65 с.
_d21
541 1 _aМетодразработка к букварюдля взрослых
686 1 _aЧ444
700 1 _aКольцова
_bС. Н.
852 _aNLR
_bОНЛ
_jЧув./3-1710
942 _cBOOK
980 _aNB